| 000 | 03106nam a2200337 a 4500 | ||
|---|---|---|---|
| 008 | 090508s1955 ||||||||||||||||| || u | ||
| 050 | _aGOV.ZAM(058)ERE/1953 | ||
| 110 | _aGovernment of the Republic of Zambia. Ministry of finance | ||
| 245 | 1 | 0 | _aNorthern Rhodesia approved estimates of revenue and expenditure for the year 1st July to 30th June (1953, 1954/55, 55/56, 56/57, 58/59, 59/60, 60/61, 61/62, 62/63, 63/64, 64/65, 65/66, 68, 70) |
| 260 |
_aLusaka: _bGovernment Printer _c1955 |
||
| 300 | _a241p. :ill. | ||
| 350 | _a0.00 | ||
| 500 | _aLIBRARY HOLDING: 53, 54/55, 55/56, 56/57, 58/59, 59/60, 60/61, 61/62, 62/63, 63/64, 64/65, 65/66, 68, 70 | ||
| 650 | _aBUDGET PLANNING--ZAMBIA | ||
| 650 | 0 | _aECONOMICS | |
| 650 | _aEXPENDITURES, PUBLIC--ZAMBIA | ||
| 995 |
_aSPECIAL COLLECTIONS _D0.00 _e03003942 _FCBU-MAIN LIBRARY (Kitwe) _H1 _I0.00 _jGOV.ZAM(058)ERE/1956 _M4 _UAVAILABLE _WMay 14, 2009 _y03003942 _ZZambiana Collection |
||
| 995 |
_aSPECIAL COLLECTIONS _D0.00 _e03003946 _FCBU-MAIN LIBRARY (Kitwe) _H1 _I0.00 _jGOV.ZAM(058)ERE/1968 _M13 _UAVAILABLE _WMay 14, 2009 _y03003946 _ZZambiana Collection |
||
| 995 |
_aSPECIAL COLLECTIONS _D0.00 _e03003949 _FCBU-MAIN LIBRARY (Kitwe) _H1 _I0.00 _jGOV.ZAM(058)ERE/1962 _M9 _UAVAILABLE _WMay 14, 2009 _y03003949 _ZZambiana Collection |
||
| 995 |
_aSPECIAL COLLECTIONS _D0.00 _e03003943 _FCBU-MAIN LIBRARY (Kitwe) _H1 _I0.00 _jGOV.ZAM(058)ERE/1958 _M5 _UAVAILABLE _WMay 14, 2009 _y03003943 _ZZambiana Collection |
||
| 995 |
_aSPECIAL COLLECTIONS _D0.00 _e03003944 _FCBU-MAIN LIBRARY (Kitwe) _H1 _I0.00 _jGOV.ZAM(058)ERE/1964 _M11 _UAVAILABLE _WMay 14, 2009 _y03003944 _ZZambiana Collection |
||
| 995 |
_aSPECIAL COLLECTIONS _D0.00 _e03003939 _FCBU-MAIN LIBRARY (Kitwe) _H1 _I0.00 _jGOV.ZAM(058)ERE/1954 _M2 _UAVAILABLE _WMay 14, 2009 _y03003939 _ZZambiana Collection |
||
| 995 |
_aSPECIAL COLLECTIONS _D0.00 _e03003945 _FCBU-MAIN LIBRARY (Kitwe) _H1 _I0.00 _jGOV.ZAM(058)ERE/1965 _M12 _UAVAILABLE _WMay 14, 2009 _y03003945 _ZZambiana Collection |
||
| 995 |
_aSPECIAL COLLECTIONS _D0.00 _e03003947 _FCBU-MAIN LIBRARY (Kitwe) _H1 _I0.00 _jGOV.ZAM(058)ERE/1970 _M14 _UAVAILABLE _WMay 14, 2009 _y03003947 _ZZambiana Collection |
||
| 995 |
_aSPECIAL COLLECTIONS _D0.00 _e03003952 _FCBU-MAIN LIBRARY (Kitwe) _H1 _I0.00 _jGOV.ZAM(058)ERE/1959 _M6 _UAVAILABLE _WMay 14, 2009 _y03003952 _ZZambiana Collection |
||
| 995 |
_aSPECIAL COLLECTIONS _e03003941 _FCBU-MAIN LIBRARY (Kitwe) _I0.00 _jGOV.ZAM(058)ERE/1953 _M1 _UAVAILABLE _WMay 18, 2015 _y03003941 _ZZambiana Collection |
||
| 995 |
_aSPECIAL COLLECTIONS _D0.00 _e03003951 _FCBU-MAIN LIBRARY (Kitwe) _H1 _I0.00 _jGOV.ZAM(058)ERE/1960 _M7 _UAVAILABLE _WMay 14, 2009 _y03003951 _ZZambiana Collection |
||
| 995 |
_aSPECIAL COLLECTIONS _D0.00 _e03003908 _FCBU-MAIN LIBRARY (Kitwe) _H1 _I0.00 _jGOV.ZAM(058)ERE/1955 _M3 _UAVAILABLE _WMay 8, 2009 _y03003908 _ZZambiana Collection |
||
| 995 |
_aSPECIAL COLLECTIONS _D0.00 _e03003950 _FCBU-MAIN LIBRARY (Kitwe) _H1 _I0.00 _jGOV.ZAM(058)ERE/1961 _M8 _UAVAILABLE _WMay 14, 2009 _y03003950 _ZZambiana Collection |
||
| 995 |
_aSPECIAL COLLECTIONS _D0.00 _e03003948 _FCBU-MAIN LIBRARY (Kitwe) _H1 _I0.00 _jGOV.ZAM(058)ERE/1963 _M10 _UAVAILABLE _WMay 14, 2009 _y03003948 _ZZambiana Collection |
||
| 999 |
_c78833 _d78833 |
||